Statistics for F1 Podiums 2002

Click here to take the quiz!

General Stats

  • This quiz has been taken 196 times
  • The average score is 6 of 7

Answer Stats

Answer% Correct
Michael Schumacher
100%
Ralf Schumacher
100%
Rubens Barrichello
94%
Kimi Raikkonen
92%
David Coulthard
90%
Juan Pablo Montoya
90%
Eddie Irvine
66%

Score Distribution

Percentile by Number Answered

Percent of People with Each Score

Your Score History

You have not taken this quiz